LEADER 00579naa a2200133 i 4500 001 000000325646 003 CaOOAMICUS 005 20180831173506.0 008 180831n it u000 u ita u 013 $a36699 040 $aSeMil$bita 245 10$aPaolo VI e Chiara Lubich: un cammino di comunine in ascolto dello spirito. 773 0 $tPaolo 6. e Chiara Lubich.$dBrescia : Istituto Paolo 6., 2015.$kPubblicazioni dell'Istituto Paolo 6.$z978-88-382-4353-0$gp.56-85$w()247294 996 $6245$aPaolo VI e Chiara Lubich: un cammino di comunine in ascolto dello spirito.$9(OLS)http://semarc/title/398788 LEADER 00727nab a2200169 i 4500 001 000000269706 003 CaOOAMICUS 005 20080911000000.0 008 080911n xx uu u0 0und r 013 $a15743 040 $aSeMil$bita 100 1 $aLiberto, Giuseppe.$0(OLS)http://semarc/name/33469 245 10$aAvrò parte con te :$bcanto per la 59. Settimana Liturgica Nazionale. - [4] p. : notazione musicale. 500 $a[allegato]. 700 1 $aDe Simone, Leo.$0(OLS)http://semarc/name/83860 773 0 $tCelebrare per avere parte al mistero di Cristo.$dRoma : CAL, 2008.$w()174708 996 $6245$aAvrò parte con te :$bcanto per la 59. Settimana Liturgica Nazionale. - [4] p. : notazione musicale.$9(OLS)http://semarc/title/359201